01208cam a2200313 a 450000100090000000300040000900500170001300800410003001000170007102000310008802000280011904000180014704300210016505000210018608200190020710000260022624000150025224500770026725000170034426000430036130000560040450001290046050400510058960000440064065000320068465100480071665100470076485600830081115230702OSt20150917095627.0080324r20082007nyuabf b 001 0beng  a 2008013396 a9780312368371 (alk. paper) a0312368372 (alk. paper) aDLCcDLCdDLC ae-uk-enae-uk---00aDA347b.P65 200800a942.0540922221 aPorter, Linda,d1947-10aMary Tudor14aThe first queen of England :bthe myth of "Bloody Mary" /cLinda Porter. a1st U.S. ed. aNew York :bSt. Martin's Press,c2008. axi, 452 p., [8] p. of plates :bill., map ;c24 cm. a"First published in Great Britain as Mary Tudor : the first queen by Portrait, an imprint of Piatkus Books Ltd"--T.p. verso. aIncludes bibliographical references and index.00aMarybI,cQueen of England,d1516-1558. 0aQueenszEnglandvBiography. 0aGreat BritainxKings and rulersvBiography. 0aGreat BritainxHistoryyMary I, 1553-1558.413Table of contents onlyuhttp://www.loc.gov/catdir/toc/ecip0814/2008013396.html